Well-being and mental health in the gig economy : policy perspectives on precarity /

A response is needed to the numerous issues spurred by the expansion of the gig economy, where flexible patterns of employment prevail in contrast to permanent jobs. In this context of the exponential growth of the digital economy and underlying business models the largest nationwide study of its ki...

Full description

Bibliographic Details
Main Authors: Gross, Sally-Anne (Author), Musgrave, George (Author), Janciute, Laima (Author)
Corporate Author: JSTOR (Organization)
Format: eBook
Language:English
Language Notes:English.
Published: London : University of Westminster Press, 2018.
Series:CAMRI policy briefs.
Subjects:
Online Access:Connect to the full text of this electronic book

MARC

Tag First Indicator Second Indicator Subfields
LEADER 00000cam a2200000 i 4500
001 in00004635592
006 m o d
007 cr cnu---unuuu
008 180926s2018 enk ob 000 0 eng d
005 20230103223511.4
035 |a (OCoLC)on1054250493 
040 |a JSTOR  |b eng  |e rda  |e pn  |c JSTOR  |d IYU  |d ICN  |d OCLCF  |d LOA  |d OTZ  |d U3W  |d SOI  |d ERL  |d UKMGB  |d SFB  |d SNU  |d OCLCO  |d VLB  |d OCLCQ  |d OCLCO  |d NLW  |d FWR  |d OCLCQ  |d VHC  |d OCLCO  |d OCL  |d OCLCQ 
015 |a GBB9B1832  |2 bnb 
016 7 |a 019437726  |2 Uk 
019 |a 1147288174  |a 1154908797  |a 1295965517  |a 1295984624  |a 1303397261 
020 |a 9781911534907  |q (electronic bk.) 
020 |a 1911534904  |q (electronic bk.) 
020 |a 1911534890 
020 |a 9781911534891 
020 |a 9781911534914  |q (EPUB) 
020 |a 1911534912  |q (EPUB) 
020 |a 9781911534921  |q (Kindle) 
020 |a 1911534920  |q (Kindle) 
024 7 |a 10.16997/book32  |2 doi 
035 |a (OCoLC)1054250493  |z (OCoLC)1147288174  |z (OCoLC)1154908797  |z (OCoLC)1295965517  |z (OCoLC)1295984624  |z (OCoLC)1303397261 
037 |a 22573/ctv5w9kwq  |b JSTOR 
050 4 |a HD5854 
072 7 |a AB  |2 bicssc 
072 7 |a JHBL  |2 bicssc 
072 7 |a JM  |2 bicssc 
072 7 |a KNT  |2 bicssc 
072 7 |a M  |2 bicssc 
082 0 4 |a 650.14  |2 23 
049 |a TXAM 
100 1 |a Gross, Sally-Anne,  |e author. 
245 1 0 |a Well-being and mental health in the gig economy :  |b policy perspectives on precarity /  |c Sally-Anne Gross, George Musgrave and Laima Janciute. 
264 1 |a London :  |b University of Westminster Press,  |c 2018. 
300 |a 1 online resource (35 pages) 
336 |a text  |b txt  |2 rdacontent 
337 |a computer  |b c  |2 rdamedia 
338 |a online resource  |b cr  |2 rdacarrier 
347 |a text file 
490 1 |a A CAMRI policy brief,  |x 2516-5720 
504 |a Includes bibliographical references. 
520 8 |a A response is needed to the numerous issues spurred by the expansion of the gig economy, where flexible patterns of employment prevail in contrast to permanent jobs. In this context of the exponential growth of the digital economy and underlying business models the largest nationwide study of its kind into the impact of the working conditions in the UK music industry 'Can Music Make You Sick?' has been conducted by MusicTank/University of Westminster. This research suggests the need to consider the future of work not only from an economic or employment law perspective but from a mental health one too. What are the psychological implications of precarious work and how are factors such as financial instability, the feedback economy and personal relationships reflected in mental health outcomes or connected to the business relationships most musicians and other gig economy participants work under? Authors Sally-Anne Gross, George Musgrave and Laima Janciute consider which policy measures may help or harm gig economy workers including the taxation of self-employed workers, a universal basic income, education around mental health issues and access to mental health support. 
588 0 |a Print version record. 
546 |a English. 
650 0 |a Temporary employees  |x Health and hygiene. 
650 0 |a Temporary employees  |x Mental health. 
650 0 |a Temporary employment. 
650 0 |a Temporary employees. 
650 6 |a Travail temporaire. 
650 6 |a Travailleurs temporaires. 
650 6 |a Travailleurs temporaires  |x Santé et hygiène. 
650 6 |a Travailleurs temporaires  |x Santé mentale. 
650 7 |a The arts: general issues.  |2 bicssc 
650 7 |a Sociology: work & labour.  |2 bicssc 
650 7 |a Psychology.  |2 bicssc 
650 7 |a Media, information & communication industries.  |2 bicssc 
650 7 |a Medicine.  |2 bicssc 
650 7 |a Temporary employees.  |2 fast  |0 (OCoLC)fst01147481 
650 7 |a Temporary employment.  |2 fast  |0 (OCoLC)fst01147485 
655 7 |a Electronic books.  |2 local 
700 1 |a Musgrave, George,  |e author. 
700 1 |a Janciute, Laima,  |e author. 
710 2 |a JSTOR (Organization) 
776 0 8 |i Print version:  |t Well Being and Mental Health in the Gig Economy: Policy Perspectives on Precairty.  |d [Place of publication not identified] : University of Westminster Press 2018-08-08  |w (OCoLC)1048583170 
830 0 |a CAMRI policy briefs. 
856 4 0 |u https://www.jstor.org/stable/10.2307/j.ctv5vdf26  |z Connect to the full text of this electronic book  |t 0 
955 |a JSTOR Open Access ebooks 
994 |a 92  |b TXA 
999 f f |s a286ea08-2e6a-4de8-9462-6d8955d28090  |i 8a6ac3be-7b42-4b89-8427-76ef66ce6fce  |t 0 
952 f f |a Texas A&M University  |b College Station  |c Electronic Resources  |d Available Online  |t 0  |e HD5854   |h Library of Congress classification 
998 f f |a HD5854   |t 0  |l Available Online